| 000 | 00712nam a2200253Ia 4500 | ||
|---|---|---|---|
| 008 | 170203s9999 xx 000 0 und d | ||
| 020 | _a9715691439 | ||
| 050 | _a0 30 | ||
| 050 | _bM183a 1995 | ||
| 100 | _aMadulid, Domingo A. | ||
| 245 | 2 | _aA pictorial cyclopedia of Philippine ornamental plants / | |
| 245 | _cDomingo A. Madulid. | ||
| 260 | _aMakati, Metro Manila : | ||
| 260 | _bBookmark, | ||
| 260 | _c1995 | ||
| 300 | _a388 pages : | ||
| 300 | _billustrations (some color) ; | ||
| 300 | _c29 cm. | ||
| 500 | _aErrata slip tipped in at end. | ||
| 650 | _aPhilippines. | ||
| 650 | _aPlants, Ornamental -- Philippines -- | ||
| 650 | _aPlants, Ornamental. | ||
| 650 | _xEncyclopedias. | ||
| 999 |
_c305861 _d305861 |
||